00726nam a2200241Ia 4500003000400000005001700004008004100021020001800062040000700080041000800087082001900095100002800114245003700142260004100179300001200220365001300232650002100245650002100266906003700287942001200324999001900336952012900355OSt20230415092250.0210423s2008 xx 000 0 und d a9788183871402 cAL aeng a330 223bSABT aSABANNA (Talwar)988616 aService sector and globalisation aNew DelhibSerial Publicationsc2008 a302bPB b895cINR aEconomics988617 aEconomics988617 aglobalisation ; sector ; Service 2ddccBK c157517d157517 001040708ECOaSACPGbSACPGd2009-11-25eAthulya Booksg895.00l0o330 SABTpPG003993r2022-08-24 00:00:00w2021-04-26yBK